000 01189cam a22002891i 4500
003 SA-RiAUC
005 20250530155250.0
008 250528s1988 sy g b 00000 ara c
040 _aSA-JeALM
_bara
_cSA-RiAUC
_erda
050 4 _b.Z37 1988
082 0 4 _a251.17
090 _a251.17
_b ز ر ق
100 1 _aالزرقا، مصطفى أحمد،
_d1904-1999
_eمؤلف.
245 1 2 _aالاستصلاح والمصالح المرسلة في الشريعة الإسلامية وأصول فقهها /
_cتأليف مصطفى أحمد الزرقاء.
250 _aالطبعة الأولى.
264 1 _aدمشق :
_bدار القلم،
_c1988
300 _a100 صفحة ؛
_c24 سم
336 _aنص
_btxt
_2rdacontent
_3كتاب
337 _aبدون وسيط
_bn
_2rdamedia
338 _aمجلد
_bnc
_2rdacarrier
500 _aإهداء من المؤلف مصطفى أحمد الزرقاء.
504 _aيشتمل على إرجاعات ببليوجرافية.
650 7 _aالمصالح المرسلة (أصول فقه)
_2aucsh
650 7 _aأصول الفقه الإسلامي
_2aucsh
942 _2ddc
_cBOOK
_n0
949 _aSA-JeALM
_d250528
_umohamedma123
_n1
999 _c8537
_d8537